书目信息 |
| 题名: |
结构力学
|
|
| 作者: | ;湖南大学结构理论教研组 编 | |
| 分册: | 中册 | |
| 出版信息: | 北京 人民教育出版社 1959 |
|
| 页数: | 628页 | |
| 开本: | 20cm | |
| 丛书名: | ||
| 单 册: | ||
| 中图分类: | O342 | |
| 科图分类: | ||
| 主题词: | 固体力学 | |
| 电子资源: | ||
| ISBN: | ||
| 000 | 00682nam0 2200229 450 | |
| 001 | 0637259173 | |
| 005 | 20060509102447.93 | |
| 010 | @dCNY1.70 | |
| 091 | @a15010.795 | |
| 100 | @a20060509d1959 km y0chiy0120 ea | |
| 101 | 0 | @achi |
| 102 | @aCN@b110000 | |
| 102 | @aCN@b110000 | |
| 200 | 1 | @a结构力学@Ajie gou li xue@h中册@f湖南大学结构理论教研组编@Fhu nan da xue jie gou li lun jiao yan zu bian |
| 210 | @a北京@c人民教育出版社@d1959 | |
| 215 | @a628页@d20cm | |
| 300 | @a高等学校教学用书 | |
| 606 | 0 | @a固体力学 |
| 690 | @aO342@v3 | |
| 711 | 0 | @a湖南大学结构理论教研组@Ahu nan da xue jie gou li lun jiao yan zu@4编 |
| 801 | 0 | @aCN@bPFT@c20060509 |
| 905 | @a10447@dO342@e10:2 | |
| 结构力学.中册/湖南大学结构理论教研组编.-北京:人民教育出版社,1959 |
| 628页;20cm |
| 高等学校教学用书 |
| ISBN :CNY1.70 |
| ● |
| 相关链接 |
|
|
|
|
正题名:结构力学
索取号:O342/10:2
 
预约/预借
| 序号 | 登录号 | 条形码 | 馆藏地/架位号 | 状态 | 备注 |
| 1 | 0017229 | 202315976 | 密集书库/ [索取号:O342/10:2] | 在馆 |